US Air Force: Sudden Death - Statistics

General Stats
  • This quiz has been taken 665 times
    292 since last reset
  • The average score is 5 of 10
Answers on the Grid
Answers color-coded by a green-red scale on the quiz's grid according to % correct below.
 
Answer Stats
Answer % Correct
68%
56%
56%
54%
53%
53%
48%
35%
33%
13%
No matching quizzes found
Score Distribution
Percent of People with Each Score
Percentile by Number Answered
Your Score History
You have not taken this quiz since the last reset